Modernization of Indian tradition: A systematic study of social change (Record no. 82428)

MARC details
000 -LEADER
fixed length control field 00404nam a2200145Ia 4500
008 - FIXED-LENGTH DATA ELEMENTS--GENERAL INFORMATION
fixed length control field 230917s9999||||xx |||||||||||||| ||und||
040 ## - CATALOGING SOURCE
-- 14781
Original cataloging agency VIVEKANANDA LIBRARY
041 ## - Language
-- English
082 ## - DDC NUMBER
Classification number 301.240954 Y75M
100 ## - MAIN ENTRY--PERSONAL NAME
Personal name Singh, Yogendra
245 #0 - TITLE STATEMENT
Title Modernization of Indian tradition: A systematic study of social change
260 ## - PUBLICATION, DISTRIBUTION, ETC. (IMPRINT)
Place of publication, distribution, etc Faridabad
Name of publisher, distributor, etc Thomson Press
Date of publication, distribution, etc 1977
300 ## - PHYSICAL DESCRIPTION
Pages xi, 267 p.
942 ## - ADDED ENTRY ELEMENTS (KOHA)
Koha item type Books
Holdings
Withdrawn status Lost status Damaged status Not for loan Location (home branch) Sublocation or collection (holding branch) Date acquired Koha issues (times borrowed) Koha full call number Accession No. Koha date last seen Koha item type
        VIVEKANANDA LIBRARY VIVEKANANDA LIBRARY 20/04/2005   301.240954 Y75M 159282 17/09/2023 Books
        VIVEKANANDA LIBRARY VIVEKANANDA LIBRARY 20/04/2005   301.240954 Y75M 2022 17/09/2023 Books
        VIVEKANANDA LIBRARY VIVEKANANDA LIBRARY 20/04/2005   301.240954 Y75M 225080 17/09/2023 Books
© Designed and Maintained by Vivekananda Library, MDU Rohtak